Soil map of the world 1:5000000; N.9 Southeast Asia

में बचाया:
ग्रंथसूची विवरण
स्वरूप: पुस्तक
भाषा:Undetermined
प्रकाशित: Paris Unesco 1979
विषय:
टैग : टैग जोड़ें
कोई टैग नहीं, इस रिकॉर्ड को टैग करने वाले पहले व्यक्ति बनें!
Thư viện lưu trữ: Trung tâm Học liệu Trường Đại học Cần Thơ
LEADER 00438nam a2200169Ia 4500
001 CTU_30174
008 210402s9999 xx 000 0 und d
082 |a 631.4 
082 |b F218/N.9 
245 0 |a Soil map of the world 1:5000000; N.9 
245 0 |b Southeast Asia 
260 |a Paris 
260 |b Unesco 
260 |c 1979 
650 |a soil maps 
904 |i Liên, 990316 
980 |a Trung tâm Học liệu Trường Đại học Cần Thơ